HIPPOCRATIC WAITING ON THE NATURAL FACULTIES (Record no. 581877)
[ view plain ]
| 000 -LEADER | |
|---|---|
| fixed length control field | 00289nam a22001217a 4500 |
| 020 ## - INTERNATIONAL STANDARD BOOK NUMBER | |
| International Standard Book Number | 0-85229-163-9 |
| 082 ## - DEWEY DECIMAL CLASSIFICATION NUMBER | |
| Classification number | 030 GRE'H |
| 100 ## - MAIN ENTRY--PERSONAL NAME | |
| Personal name | GALEN |
| 9 (RLIN) | 76486 |
| 245 ## - TITLE STATEMENT | |
| Title | HIPPOCRATIC WAITING ON THE NATURAL FACULTIES |
| 260 ## - PUBLICATION, DISTRIBUTION, ETC. | |
| Place of publication, distribution, etc. | CHICAGO |
| Name of publisher, distributor, etc. | WILLIAM BENTON |
| Date of publication, distribution, etc. | 1952 |
| 300 ## - PHYSICAL DESCRIPTION | |
| Extent | V-10 |
| 942 ## - ADDED ENTRY ELEMENTS (KOHA) | |
| Koha item type | Book |
| Withdrawn status | Lost status | Damaged status | Not for loan | Permanent Location | Current Location | Shelving location | Date acquired | Total Checkouts | Full call number | Barcode | Date last seen | Price effective from | Koha item type |
|---|---|---|---|---|---|---|---|---|---|---|---|---|---|
| College of Electrical & Mechanical Engineering (CEME) | College of Electrical & Mechanical Engineering (CEME) | Reference | 05/30/2017 | 030 GRE'H | CEME-21783 | 06/28/2021 | 06/28/2021 | Book |
